000 00503nam a2200133 4500
999 _c9038
_d9038
008 180405b ||||| |||| 00| 0 eng d
082 _aDPer 050 Dec 2015-Mar 2016 T48 v186-187
100 _927151
_aDrehle, David Von.
245 _aAnger management:
_bAfter a wild preseason, GOP voters takes sides/
_cDavid Von Drehle.
260 _aNew York:
_bTime Inc.,
_c©Dec 2015-Mar 2016.
300 _av187 n5, pages 26-31:
_billustrations;
_c27 cm.
650 0 _927152
_aPolitics
_xElections.
942 _2ddc
_cPER